<The> Georgetown international environmental law review

Gespeichert in:
Bibliographische Detailangaben
Format: Schriftenreihe
Sprache:Englisch
Veröffentlicht: Washington Georgetown University Law Center 2000/2001
Schlagworte:
Tags: Tag hinzufügen
Keine Tags, Fügen Sie das erste Tag hinzu!

MARC

LEADER 00000nas2a22000001 4500
001 0006691
005 20160720112000.4
022 |a 1042-1858 
041 0 |a eng 
044 |a US 
245 1 0 |a <The> Georgetown international environmental law review 
264 1 |a Washington  |b Georgetown University Law Center  |c 2000/2001 
300 |a 2 zv. 
773 0 |w eu_un_cat*s120448 
610 2 0 |a právo 
610 2 0 |a prostredie životné 
610 2 0 |a právo medzinárodné